00871nam a2200205 a 450000100100000000500170001000800410002704000250006808200140009324501010010726000380020830000170024649000950026350000380035870000290039683001020042504900090052795201120053699900170064800003383320200930070545.0100226s1946 sp 000 0 spa d aDO-SdBNPbspacBNPHU axxxbB58200aHistoriadores primitivos de Indias /ccolección dirigida e ilustrada por Don Enrique de Vedia. aMadrid :bEdiciones Atlas,c1946. av. ;c26 cm.1 aBiblioteca de autores españoles, desde la formación del lenguaje hasta nuestros días aLa biblioteca posee volumen 1 y 212aVedia, Enrique de959249 0aBiblioteca de autores españoles, desde la formación del lenguaje hasta nuestros días959250 aBNPD 001050718MOaGRbGRcCTd2011-09-13iLF1l0oxxx B582p33833-10r2020-06-25w2020-06-25y1ZNo se presta c33324d33324